| 000 | 00628nam a2200253Ia 4500 | ||
|---|---|---|---|
| 003 | IT-RoPAU | ||
| 005 | 20220918175701.0 | ||
| 008 | 120407s9999 xx 000 0 und d | ||
| 040 | _aIT-RoPAU | ||
| 040 | _cIT-RoPAU | ||
| 041 | _aita | ||
| 100 |
_aEva-Maria Jung _935271 |
||
| 245 | _aSan Pietro. Dal sepolcro dell’Apostolo alla cupola della Basilica. Le Guide S. Paolo n. 21 | ||
| 250 | _aCinisello Balsamo | ||
| 260 | _aSan Paolo Edizioni | ||
| 260 | _c1999 | ||
| 300 | _a126 p. | ||
| 300 | _bbrossura | ||
| 300 | _c21 cm | ||
| 490 | _v1 | ||
| 700 |
_aInglessis _935272 |
||
| 942 |
_cBK _2ddc |
||
| 999 |
_c24964 _d24964 |
||